| 000 | 00519nam a2200181Ia 4500 | ||
|---|---|---|---|
| 003 | GCL | ||
| 008 | 140319s9999 xx 000 0 eng d | ||
| 040 |
_aGCL / _cGCL |
||
| 082 | 0 | 4 |
_aCC _b050.941 _bM S |
| 100 | 1 | _aDR. MURYAD SAID DEMIRIJ (ED.) | |
| 245 | 1 | 0 |
_aSUMER: ANNUAL, TOME 37.1981 / _cDR. MURYAD SAID DEMIRIJ (ED.) |
| 260 |
_a[S.N] : _bTHE DIRECTORATE GENERAL OF ANTIQUITIES ، _c1981 |
||
| 300 | _a152+268 PP | ||
| 650 | 0 | 4 | _aARCHAEOLOGY |
| 650 | 0 | 4 | _aPERIODICALS |
| 650 | 0 | 4 | _aMIDDLE EAST |
| 942 |
_2ddc _cBK |
||
| 999 |
_c17780 _d17780 |
||